La Wallonie (par image) - Statistiques

Statistiques générales
  • Ce quiz a été pris 54 fois
  • Le résultat moyen est 11 sur 20
Statistiques - réponses
Par images Hint Réponse % Correct
Invention wallonne Le saxophone
96%
Capitale Namur
94%
Langue minoritaire L'allemand
92%
Fleuve La Meuse
90%
Station thermale Spa
84%
Personnage folklorique Gilles de Binche
78%
Région forestière L'Ardenne
78%
Course cycliste Liège-Bastogne-Liège
68%
Campus universitaire Louvain-La-Neuve
68%
Acteur Benoit Poelvoorde
66%
Ville Tournai
66%
Période historique de bouleverment économique La révolution industrielle
54%
Mélasse (spécialité wallonne) Sirop de Liège
48%
Sportif Jean-Michel Saive
40%
Croisé Godefroi de Bouillon
36%
Invention wallonne La dynamo
28%
Prélat Le cardinal Désiré-Joseph Mercier
4%
Site d'une bataille historique (1745) Fontenoy
2%
Artiste Henri Blès
2%
Poète Louis Boumal
0%
Aucun quiz correspondant
Distribution des résultats
% des personnes avec chaque résultat
Percentile par nombre de réponses
Votre historique - résultats
Vous n’avez pas pris ce quiz